000 00594nam a22002057a 4500
003 BD-DhJNU
005 20250907060456.0
008 250907b |||||||| |||| 00| 0 eng d
020 _a8121902657
040 _aBD-DhJNU
_bENG
_cBD-DhJNU
_dBD-DhJNU
082 _223
_a940.55
100 _aHazen, Charles Downer
245 _aModern Europe since 1789 /
_cCharles Downer Hazen
250 _a6th ed.
260 _aNew Delhi :
_bS. Chand & Company Ltd.,
_c2004.
300 _axvi, 664 p. [various] :
_c20 cm.
504 _aincludes index
650 _aPolitics and government
942 _2ddc
_cBK
_n0
999 _c2086
_d2086